[Event "AUTO-ADV-3766"]
[Site "http://www.queenalice.com/game.php?id=1459819"]
[Date "2017.1.16"]
[Round "1"]
[White "BillyMollison"]
[Black "chessman"]
[Result "1-0"]
[WhiteElo "1705"]
[BlackElo "1959"]

1. d4 d5 2. c4 e6 3. Nc3 Nf6 4. Bg5 Be7 5. e3 O-O 6. Bxf6 Bxf6 7. Nf3 c6 8. c5
Re8 9. Bd3 e5 10. dxe5 Bxe5 11. Nxe5 Rxe5 12. Qc2 Nd7 13. Bxh7+ Kh8 14. Bf5 Nxc5
15. Bxc8 Rxc8 16. O-O-O Ne4 17. Nxe4 Rxe4 18. Rd2 Qg5 19. Rhd1 Qxg2 20. Rxd5
cxd5 21. Qxc8+ Kh7 22. Qf5+ Qg6 23. Qxd5 Re7 24. Qc5 Re6 25. Kd2 Rc6 26. Qb5
Rc2+ 27. Ke1 Qg1+ 28. Qf1 Qxh2 29. Qd3+ 1-0

[Event "Challenge"]
[Site "http://www.queenalice.com/game.php?id=1467227"]
[Date "2017.3.3"]
[Round "-"]
[White "BillyMollison"]
[Black "trompmaster"]
[Result "0-1"]
[WhiteElo "1703"]
[BlackElo "2453"]

1. d4 Nf6 2. Bf4 d6 3. e3 Nbd7 4. Nf3 c5 5. c3 e6 6. Nbd2 d5 7. Be2 cxd4 8. exd4
Be7 9. Bd3 Nh5 10. Bg3 Nxg3 11. hxg3 h6 12. Qe2 Qb6 13. b3 Qa5 14. O-O Qxc3 15.
Rac1 Qa5 16. Ne5 O-O 17. Ndf3 a6 18. Nxd7 Bxd7 19. Ne5 Bb5 20. Rc2 Ba3 21. Kh2
Rac8 22. Bxb5 Rxc2 23. Qxc2 Qxb5 24. Rh1 Qe8 25. Qe2 Qc8 26. g4 Qc3 27. Rd1 Rc8
28. Rd3 Qb4 29. g5 Bc1 30. Qh5 Qe7 31. gxh6 Bxh6 32. Rg3 Bf4 33. Kh3 Bxg3 34.
Kxg3 Rc3+ 35. Kh2 Qf6 36. Nf3 Qf4+ 0-1

[Event "Challenge"]
[Site "http://www.queenalice.com/game.php?id=1467228"]
[Date "2017.3.3"]
[Round "-"]
[White "trompmaster"]
[Black "BillyMollison"]
[Result "1-0"]
[WhiteElo "2422"]
[BlackElo "1790"]

1. Nf3 Nf6 2. d4 g6 3. Nc3 d5 4. Bf4 Bg7 5. Qd2 O-O 6. Bh6 b6 7. Bxg7 Kxg7 8. e3
Bb7 9. Rd1 Nbd7 10. Qe2 c5 11. dxc5 Nxc5 12. b4 Nfe4 13. Nxe4 Nxe4 14. c4 Kg8
15. Qb2 Qc7 16. Rc1 Rac8 17. Be2 Qd6 18. O-O dxc4 19. Bxc4 Rfd8 20. Ne5 e6 21.
Ng4 Qd2 22. Nh6+ Kf8 23. Qh8+ Ke7 24. Qg7 Rf8 25. Qa1 Qxb4 26. a3 Qc5 27. Bxe6
Qg5 28. Bxc8 Bxc8 29. Qd4 Nc5 30. Rfd1 Qxh6 31. Qd6+ Ke8 32. Qd8# 1-0

[Event "AUTO-OPEN-3727"]
[Site "http://www.queenalice.com/game.php?id=1471433"]
[Date "2017.4.1"]
[Round "2"]
[White "pizzaiolo72"]
[Black "BillyMollison"]
[Result "1-0"]
[WhiteElo "2004"]
[BlackElo "1788"]

1. e4 d5 2. exd5 Qxd5 3. Nc3 Qd6 4. Nf3 c6 5. Bc4 Nf6 6. O-O Bg4 7. h3 Bh5 8.
Be2 e6 9. d3 Nbd7 10. Bg5 h6 11. Bh4 Qc7 12. Bg3 1-0

[Event "AUTO-OPEN-3727"]
[Site "http://www.queenalice.com/game.php?id=1471434"]
[Date "2017.4.1"]
[Round "2"]
[White "BillyMollison"]
[Black "pizzaiolo72"]
[Result "0-1"]
[WhiteElo "1781"]
[BlackElo "2011"]

1. d4 Nf6 2. Bf4 Nc6 3. e3 d5 4. Nd2 e6 5. c3 Bd6 6. Bg3 Bxg3 7. hxg3 e5 8. dxe5
Nxe5 9. Qc2 g6 10. Ngf3 Qd6 11. Nxe5 Qxe5 0-1

[Event "AUTO-OPEN-3727"]
[Site "http://www.queenalice.com/game.php?id=1471437"]
[Date "2017.4.1"]
[Round "2"]
[White "WeirdGoblin"]
[Black "BillyMollison"]
[Result "1-0"]
[WhiteElo "2366"]
[BlackElo "1715"]

1. d4 Nf6 2. c4 g6 3. Nc3 d5 4. Bg5 dxc4 5. e3 Bg7 6. Bxc4 O-O 7. Nf3 a6 8. O-O
b5 9. Bb3 Bb7 10. Qe2 b4 11. Na4 1-0

[Event "Challenge"]
[Site "http://www.queenalice.com/game.php?id=1473595"]
[Date "2017.4.15"]
[Round "-"]
[White "BillyMollison"]
[Black "trompmaster"]
[Result "0-1"]
[WhiteElo "1648"]
[BlackElo "2415"]

1. e4 d6 2. d4 Nf6 3. Nc3 c6 4. Nf3 Bg4 5. Be2 e6 6. h3 Bh5 7. O-O Be7 8. a4 d5
9. Ne5 Bxe2 10. Qxe2 dxe4 11. Rd1 Nbd7 12. Nxe4 O-O 13. Bf4 Nd5 14. Bh2 N7f6 15.
a5 Nxe4 16. Qxe4 Nf6 17. Qf3 Qd5 18. c4 Qxf3 19. Nxf3 a6 20. b4 Bxb4 21. Rdb1 c5
22. dxc5 Bxc5 23. Rxb7 Ne4 24. Ra2 Rfc8 25. Bc7 Ra7 26. Rxa7 Bxa7 27. Bb6 Bb8
28. Rc2 Kf8 29. c5 Nf6 30. g3 Nd5 31. Kg2 Ke7 32. h4 e5 33. Rd2 Nc3 34. g4 g6
35. g5 Ke6 36. Rd3 Nd5 37. Rd1 e4 38. Re1 Nf4+ 39. Kf1 Kd5 40. Nd2 Re8 41. c6
Kxc6 42. Rxe4 Rxe4 43. Nxe4 Nd5 44. Bd8 Be5 0-1

[Event "Challenge"]
[Site "http://www.queenalice.com/game.php?id=1473596"]
[Date "2017.4.15"]
[Round "-"]
[White "trompmaster"]
[Black "BillyMollison"]
[Result "1-0"]
[WhiteElo "2467"]
[BlackElo "1701"]

1. Nf3 Nf6 2. c4 g6 3. Nc3 Bg7 4. g3 c6 5. d4 d5 6. Bg2 dxc4 7. O-O O-O 8. e4 b5
9. Be3 Nbd7 10. Qe2 Nb6 11. a4 b4 12. a5 bxc3 13. axb6 cxb2 14. Qxb2 Bg4 15. b7
Rb8 16. Bf4 Bxf3 17. Bxf3 Nxe4 18. Bxb8 Bxd4 19. Bc7 Bxb2 20. Bxd8 Rxd8 21. Bxe4
Bxa1 22. Rxa1 1-0

[Event "Challenge"]
[Site "http://www.queenalice.com/game.php?id=1482589"]
[Date "2017.6.16"]
[Round "-"]
[White "BillyMollison"]
[Black "trompmaster"]
[Result "0-1"]
[WhiteElo "1652"]
[BlackElo "2413"]

1. e4 d6 2. d4 Nf6 3. Nc3 Nbd7 4. Nf3 e5 5. dxe5 dxe5 6. Bc4 h6 7. Be3 Be7 8. h3
c6 9. a4 Qc7 10. Qd3 Nf8 11. O-O-O Be6 12. Qe2 a6 13. Bxe6 Nxe6 14. Qc4 b5 15.
Qa2 Rb8 16. axb5 axb5 17. Qa7 Qc8 18. Nxe5 Ra8 19. Qb6 Ra6 20. Nxc6 Rxb6 21.
Nxe7 Kxe7 22. Bxb6 b4 23. Nd5+ Nxd5 24. exd5 b3 0-1

[Event "Challenge"]
[Site "http://www.queenalice.com/game.php?id=1482590"]
[Date "2017.6.16"]
[Round "-"]
[White "trompmaster"]
[Black "BillyMollison"]
[Result "1-0"]
[WhiteElo "2414"]
[BlackElo "1650"]

1. Nf3 d5 2. d4 Nf6 3. e3 Bg4 4. Nbd2 e6 5. Bd3 c5 6. b3 Nc6 7. Bb2 cxd4 8. exd4
Rc8 9. a3 Bd6 10. Qe2 Qc7 11. h3 Bh5 12. Rc1 Qe7 13. Ra1 O-O 14. g4 Bg6 15. Bxg6
hxg6 16. O-O Rfe8 17. Ne5 Qc7 18. Rac1 Nd7 19. f4 Ndxe5 20. fxe5 Be7 21. Kg2 Bg5
22. c4 1-0

[Event "Challenge"]
[Site "http://www.queenalice.com/game.php?id=1483211"]
[Date "2017.6.22"]
[Round "-"]
[White "Dinda54"]
[Black "BillyMollison"]
[Result "1-0"]
[WhiteElo "1691"]
[BlackElo "1682"]

1. e4 c5 2. Bc4 Nc6 3. Qf3 e6 4. d3 Ne5 5. Qe3 Nf6 6. Nf3 Nxc4 7. dxc4 b6 8. e5
Ng8 9. O-O Bb7 10. Nc3 d5 11. cxd5 exd5 12. e6 f6 13. Qf4 1-0

[Event "Challenge"]
[Site "http://www.queenalice.com/game.php?id=1483212"]
[Date "2017.6.22"]
[Round "-"]
[White "BillyMollison"]
[Black "Dinda54"]
[Result "0-1"]
[WhiteElo "1699"]
[BlackElo "1674"]

1. e4 Nf6 2. e5 Nd5 3. c4 Nf4 4. d4 Ng6 5. Nc3 e6 6. Nf3 Bb4 7. Bd3 O-O 8. O-O
Nc6 9. a3 Bxc3 10. bxc3 Na5 11. c5 d6 12. cxd6 cxd6 0-1